000 00606nam a2200205Ia 4500
003 OSt
005 20250602141533.0
008 210210b1984 xxu||||| |||| 00| 0 eng d
040 _cAL
041 _aKannada
082 _aK894.2 DAYI
100 _aDAYAPRAKASHA SINHA
_dದಯಾಪ್ರಕಾಶ್ ಸಿಂಹ
_9212279
245 _aItihasa - chakra
_b ಇತಿಹಾಸ - ಚಕ್ರ
260 _aDharavada
_bAnanya Prakashana
_c1984
300 _a56
690 _aKannada Drama
_9212280
700 _aSuresha Kini
_dಸುರೇಶ ಕಿಣಿ tr
_9212281
906 _a037474
942 _2ddc
_cBK
999 _c87835
_d87835